[Event "HEM 2006 B"]
[Site "Marburg"]
[Date "2006.04.13"]
[Round "5.29"]
[White "Brahn, Helmut"]
[Black "Baqui, Khalid"]
[Result "1/2-1/2"]
[WhiteElo "1886"]
[BlackElo "1243"]
[PlyCount "78"]
[EventDate "2006.04.12"]
[EventType "swiss"]
[EventCountry "GER"]

1. c4 d6 2. h3 e5 3. e4 Be6 4. Nf3 Nf6 5. Nc3 Be7 6. d4 exd4 7. Nxd4 O-O 8.
Nxe6 fxe6 9. Bd3 e5 10. O-O Nc6 11. a3 Nd7 12. Be3 Bg5 13. Qd2 Bxe3 14. Qxe3
Nc5 15. Rad1 Nxd3 16. Qxd3 Qg5 17. Qd2 Qg6 18. Qd5+ Kh8 19. Ne2 Qh5 20. Qd3 Rf6
21. Ng3 Qf7 22. Nf5 g6 23. Nh6 Qg7 24. Qe3 Nd4 25. Ng4 Rf7 26. f4 Raf8 27. fxe5
Rxf1+ 28. Rxf1 Rxf1+ 29. Kxf1 dxe5 30. Qf2 h5 31. Nh2 Kh7 32. Nf3 Nxf3 33. gxf3
b6 34. c5 Qd7 35. Kg2 g5 36. cxb6 cxb6 37. Qg3 Qd2+ 38. Qf2 Qf4 39. Qg3 Qd2+
1/2-1/2

[Event "HEM 2006 B"]
[Site "Marburg"]
[Date "2006.04.13"]
[Round "5.30"]
[White "Freund, Klaus"]
[Black "Siegismund, Florian"]
[Result "1/2-1/2"]
[WhiteElo "1756"]
[BlackElo "1476"]
[PlyCount "61"]
[EventDate "2006.04.12"]
[EventType "swiss"]
[EventCountry "GER"]

1. c4 c5 2. g3 Nc6 3. Bg2 Nf6 4. Nc3 g6 5. Nf3 Bg7 6. O-O O-O 7. e3 e6 8. d4
cxd4 9. Nxd4 Nxd4 10. Qxd4 d5 11. cxd5 Nxd5 12. Qc4 Nxc3 13. bxc3 Rb8 14. Ba3
Re8 15. Rfd1 Bd7 16. Rab1 Rc8 17. Qe2 Rxc3 18. Bb4 Rc7 19. Bd6 Rc3 20. Bxb7 Ba4
21. Rd2 Qg5 22. f4 Qf5 23. e4 Qh3 24. e5 Bf8 25. Bg2 Qh6 26. Qa6 Bxd6 27. Qxa4
Bc5+ 28. Kf1 Qf8 29. Rbd1 Bb6 30. Bc6 Rc8 31. Bd7 1/2-1/2

[Event "HEM 2006 B"]
[Site "Marburg"]
[Date "2006.04.13"]
[Round "5.31"]
[White "Krüger, Jens"]
[Black "Fay, Roland"]
[Result "0-1"]
[WhiteElo "1214"]
[BlackElo "1739"]
[PlyCount "62"]
[EventDate "2006.04.12"]
[EventType "swiss"]
[EventCountry "GER"]

1. e4 d6 2. d4 Nf6 3. Nc3 g6 4. Nf3 Bg7 5. Bg5 O-O 6. Qd2 c5 7. e5 cxd4 8. Qxd4
Nc6 9. Qe3 Ng4 10. Qc1 Qb6 11. Qd2 dxe5 12. Rb1 Rd8 13. Bd3 h6 14. Bh4 Bf5 15.
O-O e4 16. Na4 Qc7 17. Bg3 Qc8 18. Ne1 exd3 19. cxd3 Nge5 20. Rc1 Nxd3 21. Nxd3
Bxd3 22. Rfe1 Bb5 23. Qf4 e5 24. Qe4 Rd4 25. Qf3 Bxa4 26. b3 Qg4 27. Qxg4 Rxg4
28. bxa4 Rxa4 29. Rb1 Rb4 30. Rxb4 Nxb4 31. Bxe5 Nd3 0-1

[Event "HEM 2006 B"]
[Site "Marburg"]
[Date "2006.04.13"]
[Round "5.32"]
[White "Siegismund, Verena"]
[Black "Jordake, Michael"]
[Result "1-0"]
[WhiteElo "1169"]
[BlackElo "1621"]
[PlyCount "75"]
[EventDate "2006.04.12"]
[EventType "swiss"]
[EventCountry "GER"]

1. e4 e5 2. Nf3 Nc6 3. d4 exd4 4. Nxd4 Nf6 5. Nc3 d5 6. Bb5 Qd6 7. exd5 Nxd5 8.
Nxd5 Qxd5 9. Nxc6 Qxd1+ 10. Kxd1 a6 11. Re1+ Be6 12. Ba4 Kd7 13. Nd4+ b5 14.
Nxe6 fxe6 15. Bb3 Re8 16. Bf4 Bc5 17. Re2 Rhf8 18. Bg3 Bd6 19. c4 Bxg3 20. hxg3
Kc6 21. cxb5+ axb5 22. a4 Rd8+ 23. Kc2 e5 24. axb5+ Kb6 25. f3 Rf6 26. Rxe5
Rfd6 27. Ra6+ Kb7 28. Rxd6 Rxd6 29. Re7 Rh6 30. Rxg7 Rh2 31. Kc3 Rxg2 32. g4 h5
33. Bd5+ Kb6 34. Rg5 hxg4 35. Rxg4 Re2 36. Bc6 Kc5 37. b4+ Kd6 38. Rd4+ 1-0

[Event "HEM 2006 B"]
[Site "Marburg"]
[Date "2006.04.13"]
[Round "5.33"]
[White "Edelmann, Patrick"]
[Black "Popp, Matthias"]
[Result "0-1"]
[WhiteElo "798"]
[BlackElo "1541"]
[PlyCount "112"]
[EventDate "2006.04.12"]
[EventType "swiss"]
[EventCountry "GER"]

1. e4 c5 2. Nf3 Nc6 3. d4 cxd4 4. Nxd4 e5 5. Nf3 Nf6 6. Nc3 Bc5 7. Bg5 O-O 8.
Nd5 Bxf2+ 9. Kxf2 Nxe4+ 10. Kg1 Nxg5 11. Nxg5 Qxg5 12. h4 Qd8 13. h5 h6 14. Rh3
d6 15. Rg3 Be6 16. Qd2 Kh8 17. Bc4 Bxd5 18. Bxd5 Ne7 19. Be4 d5 20. Bd3 e4 21.
Be2 Qc7 22. Rc3 Qe5 23. Rf1 Nf5 24. Qf4 Qxf4 25. Rxf4 Nd6 26. Rc5 Rac8 27. Rxd5
Rxc2 28. Bg4 Rc6 29. Rd2 f5 30. a4 Kg8 31. Bd1 Kf7 32. b4 a6 33. g4 Ke6 34. Kg2
Ke5 35. Rf1 Nc4 36. Re2 f4 37. Ree1 Rff6 38. Kh3 Ne3 39. Rg1 Rc3 40. Kh4 f3 41.
Kg3 Rf4 42. g5 f2 43. gxh6 gxh6 44. Kh2 fxe1=Q 45. Rxe1 Nxd1 46. Rxd1 Rh4+ 47.
Kg2 Rxh5 48. Rd7 e3 49. Kf3 Rf5+ 50. Ke2 Rf2+ 51. Ke1 Rc1+ 52. Rd1 Rxd1+ 53.
Kxd1 Kd4 54. Ke1 Kd3 55. b5 axb5 56. axb5 b6 0-1

[Event "HEM 2006 B"]
[Site "Marburg"]
[Date "2006.04.13"]
[Round "5.35"]
[White "Stöhr, Alexander"]
[Black "Zimmermann, Heinz"]
[Result "0-1"]
[WhiteElo "1341"]
[BlackElo "1429"]
[PlyCount "49"]
[EventDate "2006.04.12"]
[EventType "swiss"]
[EventCountry "GER"]

1. d4 Nf6 2. c4 e6 3. Nf3 c6 4. Nc3 d5 5. e3 Nbd7 6. cxd5 cxd5 7. Bd3 a6 8. a4
Bd6 9. Bd2 O-O 10. O-O Re8 11. Rc1 Nf8 12. Qe2 Ng6 13. Rc2 Bd7 14. Rfc1 Qe7 15.
b3 Bc6 16. Kh1 Qc7 17. Rb1 e5 18. Bxg6 fxg6 19. dxe5 Bxe5 20. Nxe5 Rxe5 21. Qd3
Rh5 22. h3 d4 23. Ne4 Bxe4 24. Qxe4 Nxe4 25. Rxc7 0-1

[Event "HEM 2006 B"]
[Site "Marburg"]
[Date "2006.04.13"]
[Round "5.36"]
[White "Bachmann, Björn"]
[Black "Buerkle, Alois"]
[Result "1-0"]
[WhiteElo "1229"]
[BlackElo "1317"]
[PlyCount "99"]
[EventDate "2006.04.12"]
[EventType "swiss"]
[EventCountry "GER"]

1. e4 e5 2. Nf3 Nc6 3. Bb5 Nge7 4. O-O a6 5. Ba4 b5 6. Bb3 d5 7. exd5 Nxd5 8.
Bxd5 Qxd5 9. Nc3 Qd8 10. h3 Bd6 11. d4 exd4 12. Ne2 Bc5 13. b3 O-O 14. Bb2 Qe7
15. Nexd4 Nxd4 16. Bxd4 Bb7 17. Bxc5 Qxc5 18. c4 Rad8 19. Qc2 Bxf3 20. gxf3
Qg5+ 21. Kh2 Qf4+ 22. Kg2 Rd6 23. Qe4 Rg6+ 24. Kh1 Qh6 25. Kh2 Re6 26. Qd4 Rfe8
27. Rae1 bxc4 28. Rxe6 Qxe6 29. Rg1 Qd6+ 30. Qxd6 cxd6 31. bxc4 Re2 32. Rb1 g6
33. Kg3 Rxa2 34. Rb6 a5 35. Rxd6 a4 36. c5 Rc2 37. Ra6 Rc4 38. c6 h5 39. c7 h4+
40. Kg2 g5 41. Ra8+ Kg7 42. c8=Q Rxc8 43. Rxc8 Kf6 44. Ra8 Kg6 45. Rxa4 f5 46.
f4 gxf4 47. Rxf4 Kg5 48. Rc4 f4 49. Rc5+ Kg6 50. Kf3 1-0

[Event "HEM 2006 B"]
[Site "Marburg"]
[Date "2006.04.13"]
[Round "5.37"]
[White "Mook, Karl-Jürgen"]
[Black "Fritsche, Rainer"]
[Result "1/2-1/2"]
[WhiteElo "1325"]
[BlackElo "1315"]
[PlyCount "83"]
[EventDate "2006.04.12"]
[EventType "swiss"]
[EventCountry "GER"]

1. Nf3 Nf6 2. g3 d5 3. Bg2 c5 4. d3 Nc6 5. O-O h6 6. Nbd2 e6 7. c3 Be7 8. e4
dxe4 9. dxe4 e5 10. Re1 O-O 11. Nf1 Be6 12. h3 Qxd1 13. Rxd1 Rad8 14. Bd2 Nxe4
15. Nxe5 Nxe5 16. Bxe4 Bxh3 17. Bf4 Ng6 18. Bc7 Rxd1 19. Rxd1 Rc8 20. Bxg6 Rxc7
21. Be4 Bxf1 22. Kxf1 Kf8 23. c4 b6 24. Rd5 Ke8 25. Bf5 Bf6 26. b3 Ke7 27. Ke2
Bd4 28. f4 g6 29. Bh3 Kf8 30. Rd7 Rxd7 31. Bxd7 Ke7 32. Bh3 f6 33. g4 g5 34. f5
Kd6 35. Kf3 Ke5 36. Bf1 Ba1 37. Ke3 Bb2 38. Be2 Bc1+ 39. Kd3 Kf4 40. Bd1 Bb2
41. Be2 Be5 42. Bd1 1/2-1/2

[Event "HEM 2006 B"]
[Site "Marburg"]
[Date "2006.04.14"]
[Round "6.1"]
[White "Garbe, Ralf"]
[Black "Lüchtemeier, Peter"]
[Result "1/2-1/2"]
[WhiteElo "2169"]
[BlackElo "2268"]
[PlyCount "80"]
[EventDate "2006.04.12"]
[EventType "swiss"]
[EventCountry "GER"]

1. Nf3 d5 2. g3 c6 3. Bg2 Bg4 4. Ne5 Bf5 5. d4 Nf6 6. c4 e6 7. Nc3 Nbd7 8. Qb3
Qc8 9. Bf4 Nxe5 10. Bxe5 Be7 11. Rc1 Qd7 12. O-O O-O 13. h3 Bg6 14. Rfd1 Rfd8
15. a3 Rac8 16. Qa4 a6 17. c5 Ne4 18. Qb3 Nxc3 19. Qxc3 Re8 20. g4 Bd8 21. b4
Bc7 22. Qg3 f6 23. Bxc7 Qxc7 24. Qxc7 Rxc7 25. e3 e5 26. a4 exd4 27. Rxd4 Kf8
28. Kf1 Rce7 29. Ke2 Be4 30. Bxe4 Rxe4 31. Rcd1 Kf7 32. R1d3 Rxd4 33. Rxd4 Re4
34. Kd3 Rxd4+ 35. Kxd4 Ke6 36. e4 dxe4 37. Kxe4 g6 38. h4 f5+ 39. gxf5+ gxf5+
40. Kd4 Kf6 1/2-1/2

[Event "HEM 2006 B"]
[Site "Marburg"]
[Date "2006.04.14"]
[Round "6.2"]
[White "Eibelshäuser, Stefan"]
[Black "Stockmann, Michael"]
[Result "1/2-1/2"]
[WhiteElo "2062"]
[BlackElo "2269"]
[PlyCount "88"]
[EventDate "2006.04.12"]
[EventType "swiss"]
[EventCountry "GER"]

1. d4 Nf6 2. c4 e6 3. Nc3 Bb4 4. e3 c5 5. Nge2 cxd4 6. exd4 d5 7. a3 Bxc3+ 8.
Nxc3 dxc4 9. Bxc4 Nc6 10. Bb5 Bd7 11. O-O Ne7 12. Be3 Bxb5 13. Nxb5 Qb6 14. Qe2
Nfd5 15. Nc3 O-O 16. Rac1 Rad8 17. Rfd1 Qa5 18. Ne4 Qa4 19. Nc5 Qc6 20. Rc2 b6
21. Ne4 Qb7 22. Ng5 h6 23. Nf3 Rc8 24. Rdc1 Rxc2 25. Rxc2 Rc8 26. Kf1 Nf5 27.
Rxc8+ Qxc8 28. g4 Nd6 29. Ne5 Kf8 30. Kg2 f6 31. Ng6+ Kf7 32. Nf4 Qc4 33. Qf3
Nxf4+ 34. Qxf4 Qd5+ 35. Qf3 Qxf3+ 36. Kxf3 Ke7 37. Bd2 Kd7 38. Bc3 Kc6 39. Ke3
a5 40. Kd3 Kd5 41. f3 Nf7 42. h4 Nd6 43. a4 f5 44. b4 axb4 1/2-1/2

[Event "HEM 2006 B"]
[Site "Marburg"]
[Date "2006.04.14"]
[Round "6.3"]
[White "Kartmann, Juergen"]
[Black "Stein, Marco"]
[Result "1/2-1/2"]
[WhiteElo "2054"]
[BlackElo "2108"]
[PlyCount "49"]
[EventDate "2006.04.12"]
[EventType "swiss"]
[EventCountry "GER"]

1. e4 c5 2. c3 d6 3. d4 Nf6 4. dxc5 Nc6 5. Qc2 dxc5 6. Nf3 Qc7 7. Be2 e5 8. O-O
Be7 9. a4 O-O 10. h3 h6 11. Be3 Be6 12. Na3 a6 13. Bc4 Bxc4 14. Nxc4 b5 15.
Ncd2 c4 16. axb5 axb5 17. b4 Nd7 18. Rfd1 Nb6 19. Nf1 Na4 20. Ng3 Rfd8 21. Nf5
Bf8 22. Rd2 Rxd2 23. Bxd2 Rd8 24. Ne3 Ne7 25. Rd1 1/2-1/2

[Event "HEM 2006 B"]
[Site "Marburg"]
[Date "2006.04.14"]
[Round "6.4"]
[White "Klettke, Wolfgang"]
[Black "Marth, Jürgen"]
[Result "1/2-1/2"]
[WhiteElo "2104"]
[BlackElo "2044"]
[PlyCount "49"]
[EventDate "2006.04.12"]
[EventType "swiss"]
[EventCountry "GER"]

1. e4 c5 2. Nf3 Nc6 3. c3 Nf6 4. e5 Nd5 5. d4 cxd4 6. cxd4 e6 7. Bc4 Nb6 8. Bb3
d5 9. O-O Bd7 10. Nc3 h6 11. a3 Na5 12. Bc2 Rc8 13. Bd3 a6 14. Nd2 Nbc4 15.
Nxc4 Nxc4 16. Ne2 Qb6 17. Rb1 Na5 18. f4 Qb3 19. Qxb3 Nxb3 20. Be3 g6 21. g4 h5
22. f5 gxf5 23. gxf5 Bh6 24. Bxh6 Rxh6 25. fxe6 1/2-1/2

[Event "HEM 2006 B"]
[Site "Marburg"]
[Date "2006.04.14"]
[Round "6.5"]
[White "Diez, Gerhard"]
[Black "Funk, Volker"]
[Result "1-0"]
[WhiteElo "2014"]
[BlackElo "2219"]
[PlyCount "55"]
[EventDate "2006.04.12"]
[EventType "swiss"]
[EventCountry "GER"]

1. e4 c5 2. Nf3 Nc6 3. d4 cxd4 4. Nxd4 e5 5. Nb5 a6 6. Nd6+ Bxd6 7. Qxd6 Qf6 8.
Qd1 Nge7 9. Nc3 Qg6 10. Be3 d5 11. Nxd5 Nxd5 12. Qxd5 Be6 13. Qd2 Qxe4 14. f3
Qg6 15. Bd3 Bf5 16. Bxf5 Qxf5 17. O-O O-O 18. Bb6 Rfe8 19. Rad1 Re7 20. c4 Rae8
21. b4 h6 22. a4 Nd4 23. f4 Rd7 24. Qf2 Qe6 25. Bxd4 Red8 26. fxe5 Qxc4 27. e6
Qxe6 28. Rde1 1-0

[Event "HEM 2006 B"]
[Site "Marburg"]
[Date "2006.04.14"]
[Round "6.6"]
[White "Montermann, Klaus"]
[Black "Hierling, Stefan"]
[Result "1-0"]
[WhiteElo "2140"]
[BlackElo "1896"]
[PlyCount "64"]
[EventDate "2006.04.12"]
[EventType "swiss"]
[EventCountry "GER"]

1. d4 d5 2. Nf3 g6 3. Bg5 Bg7 4. e3 Nf6 5. Bd3 Nbd7 6. Nbd2 Nb6 7. c3 Bg4 8.
Qc2 Bxf3 9. Nxf3 c6 10. Ne5 Nfd7 11. f4 Nxe5 12. fxe5 Qd7 13. O-O-O O-O-O 14.
Rhf1 Rhf8 15. a4 Na8 16. Rf3 f6 17. exf6 exf6 18. Bf4 Nc7 19. h4 Ne6 20. Bh2 f5
21. Rdf1 Qe7 22. Qf2 Bh6 23. Kb1 c5 24. Qg3 f4 25. exf4 Nxf4 26. Rxf4 Rxf4 27.
Rxf4 Bxf4 28. Qg4+ Kb8 29. Bxf4+ Ka8 30. dxc5 Qxc5 31. Be5 Qg1+ 32. Ka2 Qe3 1-0

[Event "HEM 2006 B"]
[Site "Marburg"]
[Date "2006.04.14"]
[Round "6.7"]
[White "Hillgaertner, Walter"]
[Black "Szwarc, Klaus Peter"]
[Result "1/2-1/2"]
[WhiteElo "2055"]
[BlackElo "1907"]
[PlyCount "38"]
[EventDate "2006.04.12"]
[EventType "swiss"]
[EventCountry "GER"]

1. Nf3 Nf6 2. c4 g6 3. g3 Bg7 4. Bg2 c6 5. O-O O-O 6. Nc3 d5 7. cxd5 cxd5 8. d4
Nc6 9. a3 e6 10. b4 Ne4 11. Bb2 Nxc3 12. Bxc3 a6 13. Rc1 Bd7 14. Qd3 Na7 15.
Rfe1 Nb5 16. Bb2 Nd6 17. Nd2 Bb5 18. Qb1 Nc4 19. Nxc4 Bxc4 1/2-1/2

[Event "HEM 2006 B"]
[Site "Marburg"]
[Date "2006.04.14"]
[Round "6.8"]
[White "Henninger, Sascha"]
[Black "Goloborodko, Dmitro"]
[Result "1/2-1/2"]
[WhiteElo "1805"]
[BlackElo "2031"]
[PlyCount "66"]
[EventDate "2006.04.12"]
[EventType "swiss"]
[EventCountry "GER"]

1. e4 e6 2. d4 d5 3. Nc3 Bb4 4. e5 c5 5. a3 Bxc3+ 6. bxc3 Qc7 7. Qg4 f5 8. Qg3
Nc6 9. Nf3 Qf7 10. Be2 h6 11. h4 g6 12. a4 Nge7 13. Qf4 c4 14. Ba3 b6 15. Kd2
Bd7 16. Nh2 O-O-O 17. Ng4 g5 18. Qf3 Na5 19. hxg5 hxg5 20. Nh6 Qg7 21. Bxe7
Qxe7 22. Qh5 Rdf8 23. Nxf5 exf5 24. Qxh8 Rxh8 25. Rxh8+ Kc7 26. Rah1 Qa3 27.
R1h7 Nb3+ 28. cxb3 Qb2+ 29. Kd1 Qxb3+ 30. Kd2 Qb2+ 31. Kd1 Qxc3 32. e6 Qxd4+
33. Kc1 Qc3+ 1/2-1/2

[Event "HEM 2006 B"]
[Site "Marburg"]
[Date "2006.04.14"]
[Round "6.9"]
[White "Mittendorf, Frank"]
[Black "Ferozkohi, Ihsan"]
[Result "1/2-1/2"]
[WhiteElo "2196"]
[BlackElo "1847"]
[PlyCount "58"]
[EventDate "2006.04.12"]
[EventType "swiss"]
[EventCountry "GER"]

1. e4 d5 2. exd5 Qxd5 3. Nc3 Qa5 4. Bc4 Nf6 5. d3 Nc6 6. Bd2 Qe5+ 7. Nge2 Bg4
8. f3 Be6 9. Bf4 Qa5 10. Bxe6 fxe6 11. Bd2 O-O-O 12. O-O e5 13. a3 Nd4 14. Kh1
h5 15. b4 Qb6 16. Na4 Qc6 17. Nc5 e6 18. Nxd4 exd4 19. Ne4 Nxe4 20. fxe4 Be7
21. Bf4 Rdf8 22. Qd2 Rf7 23. Be5 Bf6 24. Rf3 Qb5 25. Bxf6 Rxf6 26. Raf1 Rhf8
27. Rxf6 Rxf6 28. Rxf6 gxf6 29. g3 Kd7 1/2-1/2

[Event "HEM 2006 B"]
[Site "Marburg"]
[Date "2006.04.14"]
[Round "6.10"]
[White "Bender, Manfred"]
[Black "Baumhackel, Mario"]
[Result "0-1"]
[WhiteElo "1816"]
[BlackElo "2176"]
[PlyCount "72"]
[EventDate "2006.04.12"]
[EventType "swiss"]
[EventCountry "GER"]

1. d4 d5 2. c4 dxc4 3. Nc3 Nf6 4. e3 e6 5. Bxc4 Be7 6. Nf3 Nbd7 7. O-O O-O 8.
Bd2 a6 9. e4 b5 10. Bd3 Bb7 11. a3 Nc5 12. Bxb5 Ncxe4 13. Be2 Nxd2 14. Qxd2 Qd6
15. h3 Rfd8 16. Rfd1 Rab8 17. Qc2 Qf4 18. Qd2 Qd6 19. Qc2 Nh5 20. Ne5 Nf4 21.
Bf3 Bxf3 22. Nxf3 Qc6 23. Rac1 Nxh3+ 24. Kf1 Nf4 25. Qa4 Qb7 26. Qc4 Bd6 27. b4
h6 28. d5 e5 29. g3 Ng6 30. Qg4 a5 31. bxa5 Bxa3 32. Ra1 Bb2 33. a6 Qa7 34. Qc4
Bxa1 35. Rxa1 Rb2 36. Ra2 Qxf2# 0-1

[Event "HEM 2006 B"]
[Site "Marburg"]
[Date "2006.04.14"]
[Round "6.11"]
[White "Krüger, Till"]
[Black "Hahn, Werner"]
[Result "0-1"]
[WhiteElo "1851"]
[BlackElo "2147"]
[PlyCount "54"]
[EventDate "2006.04.12"]
[EventType "swiss"]
[EventCountry "GER"]

1. e4 c5 2. Nf3 a6 3. c3 Nc6 4. d4 cxd4 5. Nxd4 e5 6. Nf3 Nf6 7. Bg5 Bc5 8.
Bxf6 Qxf6 9. g3 O-O 10. Bg2 d6 11. O-O Bg4 12. Qd3 Rad8 13. Nbd2 Qg6 14. Nh4
Qe6 15. Qc4 Qxc4 16. Nxc4 Be2 17. Ne3 Bxf1 18. Rxf1 Bxe3 19. fxe3 g6 20. Rd1
Na5 21. b3 b5 22. Bh3 Nb7 23. Kf2 Nc5 24. Kf3 h5 25. g4 hxg4+ 26. Bxg4 Kg7 27.
h3 d5 0-1

[Event "HEM 2006 B"]
[Site "Marburg"]
[Date "2006.04.14"]
[Round "6.12"]
[White "Reitmeier, Markus"]
[Black "Henzner, Reiner"]
[Result "0-1"]
[WhiteElo "1786"]
[BlackElo "2098"]
[PlyCount "80"]
[EventDate "2006.04.12"]
[EventType "swiss"]
[EventCountry "GER"]

1. d4 b6 2. Nf3 Bb7 3. c4 e6 4. a3 f5 5. e3 Nf6 6. g3 Be7 7. Bg2 O-O 8. O-O a6
9. b3 Ra7 10. Bb2 d6 11. Nc3 Ne4 12. d5 Bf6 13. Nd4 Bxd4 14. Qxd4 e5 15. Qd1
Nxc3 16. Bxc3 Nd7 17. e4 fxe4 18. Bxe4 Bc8 19. Bd2 Nf6 20. Bg5 h6 21. Bxf6 Qxf6
22. f4 Bh3 23. Rf2 Raa8 24. Raa2 exf4 25. Rxf4 Qc3 26. Rxf8+ Rxf8 27. Bg2 Qe3+
28. Kh1 Bg4 29. Qb1 Re8 30. Ra1 Qc3 31. h3 Bf5 32. Qa2 Qxg3 33. Rf1 Bxh3 34.
Qd2 Bxg2+ 35. Qxg2 Qxg2+ 36. Kxg2 Re3 37. Rb1 g5 38. a4 a5 39. b4 axb4 40. Rxb4
Rc3 0-1

[Event "HEM 2006 B"]
[Site "Marburg"]
[Date "2006.04.14"]
[Round "6.13"]
[White "Kuhn, Gerhard"]
[Black "Saßmannshausen, Mark"]
[Result "1-0"]
[WhiteElo "2085"]
[BlackElo "1785"]
[PlyCount "53"]
[EventDate "2006.04.12"]
[EventType "swiss"]
[EventCountry "GER"]

1. e4 c5 2. c3 b6 3. d4 Bb7 4. d5 Nf6 5. Nd2 e6 6. c4 e5 7. g3 Be7 8. Bg2 O-O
9. Ne2 d6 10. O-O Bc8 11. h3 Ne8 12. f4 f6 13. f5 Nc7 14. Nc3 Qe8 15. a4 a5 16.
Nb5 Nca6 17. Ra3 Bd7 18. g4 h6 19. Nf3 Nb4 20. Nc7 Qd8 21. Nxa8 N8a6 22. Nxb6
Qxb6 23. h4 Be8 24. g5 g6 25. Bh3 fxg5 26. hxg5 Qd8 27. f6 1-0

[Event "HEM 2006 B"]
[Site "Marburg"]
[Date "2006.04.14"]
[Round "6.14"]
[White "Ritscher, Georg"]
[Black "Radtke, Thoralf"]
[Result "0-1"]
[WhiteElo "2034"]
[BlackElo "1646"]
[PlyCount "81"]
[EventDate "2006.04.12"]
[EventType "swiss"]
[EventCountry "GER"]

1. e4 e6 2. d4 d5 3. exd5 exd5 4. Bd3 Nc6 5. c3 Nf6 6. Nf3 Be7 7. O-O O-O 8. h3
Qd6 9. Re1 Be6 10. Ne5 Rae8 11. Bf4 Qd8 12. Nd2 Bd6 13. Ndf3 Ne7 14. Qc2 Ng6
15. Bg5 Qc8 16. Kh2 Ne4 17. Bxe4 dxe4 18. Qxe4 f6 19. Bd2 fxe5 20. dxe5 Bc5 21.
Be3 Bxe3 22. Rxe3 c6 23. c4 Rf4 24. Qc2 Rxc4 25. Qe2 Nf4 26. Qf1 Nd5 27. Ra3
Rf4 28. Re1 Ref8 29. Qe2 g6 30. Rf1 h6 31. g3 R4f7 32. Nh4 Bxh3 33. Ng2 Bxg2
34. Kxg2 Qe6 35. f4 g5 36. Rd3 gxf4 37. gxf4 Nxf4+ 38. Rxf4 Rxf4 39. Qe3 Qg4+
40. Qg3 Qxg3+ 41. Kxg3 0-1

[Event "HEM 2006 B"]
[Site "Marburg"]
[Date "2006.04.14"]
[Round "6.15"]
[White "von Chamier, Ralf"]
[Black "Ewin, Hans-Peter"]
[Result "1-0"]
[WhiteElo "1798"]
[BlackElo "1976"]
[PlyCount "29"]
[EventDate "2006.04.12"]
[EventType "swiss"]
[EventCountry "GER"]

1. Nf3 d6 2. g3 g6 3. c4 Bg7 4. Nc3 Nf6 5. Bg2 O-O 6. b4 Nbd7 7. O-O e5 8. Rb1
Nh5 9. e4 f5 10. exf5 gxf5 11. d4 Nhf6 12. Ng5 Qe7 13. Nd5 Nxd5 14. Bxd5+ Kh8
15. Nxh7 1-0

[Event "HEM 2006 B"]
[Site "Marburg"]
[Date "2006.04.14"]
[Round "6.17"]
[White "Pichl, Uwe"]
[Black "Breitwieser, Peter"]
[Result "1-0"]
[WhiteElo "1677"]
[BlackElo "1898"]
[PlyCount "79"]
[EventDate "2006.04.12"]
[EventType "swiss"]
[EventCountry "GER"]

1. d4 Nf6 2. Nf3 d5 3. c4 e6 4. Nc3 c6 5. e3 Bb4 6. a3 Bxc3+ 7. bxc3 Qa5 8. Bb2
Nbd7 9. Bd3 dxc4 10. Bxc4 Nb6 11. Bb3 Nbd5 12. Rc1 Bd7 13. O-O O-O 14. c4 Ne7
15. d5 exd5 16. Bxf6 gxf6 17. cxd5 Nxd5 18. e4 Nb6 19. Qd6 Qh5 20. Qxf6 Qg6 21.
Qh4 Qg4 22. Qh6 Qg7 23. Qe3 Kh8 24. Rc5 f5 25. e5 f4 26. Qc3 Bh3 27. e6 Qxc3
28. Rxc3 Bf5 29. Re1 Rfe8 30. Re5 Bg6 31. h4 Re7 32. h5 Be8 33. Rf5 Kg7 34. Nd4
Nc8 35. Rxf4 Nd6 36. Rg3+ Kh6 37. Rf6+ Kxh5 38. Bd1+ Kh4 39. Rh6+ Bh5 40. Rxh5#
1-0

[Event "HEM 2006 B"]
[Site "Marburg"]
[Date "2006.04.14"]
[Round "6.18"]
[White "Siegismund, Bernd"]
[Black "Böhme, Erich"]
[Result "0-1"]
[WhiteElo "1749"]
[BlackElo "2067"]
[PlyCount "56"]
[EventDate "2006.04.12"]
[EventType "swiss"]
[EventCountry "GER"]

1. e4 c5 2. c3 Nf6 3. e5 Nd5 4. d4 cxd4 5. cxd4 e6 6. Nf3 Nc6 7. Bc4 Nb6 8. Bd3
Bb4+ 9. Bd2 d6 10. Bxb4 Nxb4 11. Bb5+ Bd7 12. Bxd7+ Qxd7 13. a3 N4d5 14. Nc3
Nxc3 15. bxc3 dxe5 16. Nxe5 Qd5 17. Qf3 O-O 18. Qxd5 exd5 19. Rb1 Rac8 20. Kd2
Rc7 21. Rb3 Rfc8 22. Rhb1 f6 23. Ng4 Nc4+ 24. Kd3 Na5 25. Rb5 Rxc3+ 26. Kd2 b6
27. a4 Rc2+ 28. Ke3 h5 0-1

[Event "HEM 2006 B"]
[Site "Marburg"]
[Date "2006.04.14"]
[Round "6.19"]
[White "Libuda, Thomas"]
[Black "Werner, Alexander"]
[Result "1-0"]
[WhiteElo "2026"]
[BlackElo "1731"]
[PlyCount "61"]
[EventDate "2006.04.12"]
[EventType "swiss"]
[EventCountry "GER"]

1. d4 Nf6 2. Nf3 d6 3. e3 g6 4. c4 Bg7 5. b4 O-O 6. Bb2 c6 7. Nc3 d5 8. a4 Qb6
9. Ba3 Re8 10. Be2 Nbd7 11. O-O Nf8 12. Qb3 Be6 13. c5 Qc7 14. b5 Reb8 15. Bb4
Ne4 16. a5 g5 17. Qa4 g4 18. b6 Qc8 19. Ne5 Ng5 20. a6 Bxe5 21. dxe5 axb6 22.
a7 Ng6 23. axb8=Q Rxb8 24. cxb6 c5 25. Ba5 Nxe5 26. f4 gxf3 27. Bxf3 Nexf3+ 28.
gxf3 c4 29. Qd1 Qc5 30. Qd4 Qc6 31. Qe5 1-0

[Event "HEM 2006 B"]
[Site "Marburg"]
[Date "2006.04.14"]
[Round "6.20"]
[White "Enders, Georg"]
[Black "Krischak, Werner"]
[Result "1-0"]
[WhiteElo "1781"]
[BlackElo "1721"]
[PlyCount "77"]
[EventDate "2006.04.12"]
[EventType "swiss"]
[EventCountry "GER"]

1. e4 c6 2. d4 d5 3. Nc3 dxe4 4. Nxe4 Bf5 5. Ng3 Bg6 6. Nf3 e6 7. Ne5 Nd7 8.
Nxg6 hxg6 9. h3 Qc7 10. c3 Ngf6 11. Bg5 Bd6 12. Ne2 Ne4 13. Be3 O-O-O 14. Qa4
Kb8 15. O-O-O c5 16. Qc2 f5 17. f3 Ng3 18. Nxg3 Bxg3 19. Kb1 c4 20. Bg5 Rc8 21.
d5 e5 22. d6 Qc6 23. Be2 Bh4 24. Bxh4 Rxh4 25. Rd2 Nf6 26. Rhd1 Qd7 27. b3 cxb3
28. Qxb3 Rc5 29. Ka1 Ka8 30. Rb2 Rh8 31. Bb5 Qd8 32. d7 b6 33. Qe6 Kb7 34. Ba4
e4 35. Qd6 Rc7 36. fxe4 fxe4 37. Qe6 Rxc3 38. Rc2 Qc7 39. Rdc1 1-0

[Event "HEM 2006 B"]
[Site "Marburg"]
[Date "2006.04.14"]
[Round "6.21"]
[White "Höllwarth, Kai"]
[Black "Feigl, Markus"]
[Result "1-0"]
[WhiteElo "1623"]
[BlackElo "1761"]
[PlyCount "154"]
[EventDate "2006.04.12"]
[EventType "swiss"]
[EventCountry "GER"]

1. Nf3 g6 2. d4 Bg7 3. g4 d6 4. Rg1 c6 5. g5 Nd7 6. Bd2 a5 7. Bc3 d5 8. Nbd2 b5
9. a3 Nb6 10. b3 Bf5 11. Ne5 Bxe5 12. dxe5 d4 13. Bb2 Qd7 14. Bg2 Rc8 15. Ne4
Bxe4 16. Bxe4 c5 17. Qd3 e6 18. h4 Ne7 19. h5 Rd8 20. O-O-O Nbd5 21. Qf3 Qc7
22. Bxd5 Nxd5 23. e4 Nb6 24. Qf6 Rg8 25. hxg6 hxg6 26. Rh1 Nd7 27. Qf4 b4 28.
axb4 axb4 29. Rh7 Rf8 30. Rdh1 Qxe5 31. Qxe5 Nxe5 32. f4 Nc6 33. Rg7 Rd7 34.
Rhh7 Re7 35. Kd2 e5 36. f5 gxf5 37. exf5 e4 38. Rh6 Ne5 39. Ra6 Rd7 40. Ra8+
Rd8 41. Ra7 Nd7 42. f6 Rh8 43. g6 fxg6 44. Re7+ Kf8 45. Raxd7 Rh2+ 46. Kd1 Rxd7
47. Rxd7 Rh1+ 48. Kd2 Rb1 49. Bxd4 cxd4 50. Rxd4 Rf1 51. Rxe4 Rf2+ 52. Kd3 Rf3+
53. Ke2 Rc3 54. Kd2 Rf3 55. Rxb4 Rxf6 56. Ke3 Ke7 57. Re4+ Kd7 58. b4 Rf1 59.
c4 Rb1 60. c5 Kc6 61. Re6+ Kd5 62. Rb6 g5 63. Kf3 Re1 64. c6 Kd6 65. b5 Re8 66.
Rb7 Rg8 67. c7 Rf8+ 68. Kg4 Rf4+ 69. Kxg5 Rc4 70. b6 Kd7 71. Kf6 Rc1 72. Rb8
Rf1+ 73. Ke5 Re1+ 74. Kd4 Rd1+ 75. Kc3 Rc1+ 76. Kd2 Rc6 77. Rd8+ Ke7 1-0